Truce : (Record no. 3198)

MARC details
000 -LEADER
fixed length control field 01671cam a2200373 a 4500
001 - CONTROL NUMBER
control field 3198
003 - CONTROL NUMBER IDENTIFIER
control field FISKH
005 - DATE AND TIME OF LATEST TRANSACTION
control field 20240219095236.0
008 - FIXED-LENGTH DATA ELEMENTS--GENERAL INFORMATION
fixed length control field 080915s2009 nyuab j b 001 0 eng
010 ## - LIBRARY OF CONGRESS CONTROL NUMBER
LC control number 2008040500
020 ## - INTERNATIONAL STANDARD BOOK NUMBER
International Standard Book Number 9780545130493 (reinforced) :
020 ## - INTERNATIONAL STANDARD BOOK NUMBER
International Standard Book Number 0545130492 (reinforced) :
020 ## - INTERNATIONAL STANDARD BOOK NUMBER
International Standard Book Number 9780545321136
035 ## - SYSTEM CONTROL NUMBER
System control number (OCoLC)ocn253639286
040 ## - CATALOGING SOURCE
Original cataloging agency DLC
Transcribing agency DLC
Modifying agency BTCTA
-- LIQ
-- CLE
-- XY4
-- UPZ
-- TEF
-- VP@
-- OUP
-- EHH
-- CDX
-- DLC
Language of cataloging eng
042 ## - AUTHENTICATION CODE
Authentication code lcac
043 ## - GEOGRAPHIC AREA CODE
Geographic area code ew-----
050 ## - LIBRARY OF CONGRESS CALL NUMBER
Classification number 940.421
082 ## - DEWEY DECIMAL CLASSIFICATION NUMBER
Classification number D530.M87
100 1# - MAIN ENTRY--PERSONAL NAME
Personal name Murphy, Jim,
Dates associated with a name 1947-
245 10 - TITLE STATEMENT
Title Truce :
Remainder of title the day the soldiers stopped fighting /
Statement of responsibility, etc. Jim Murphy
260 ## - PUBLICATION, DISTRIBUTION, ETC.
Place of publication, distribution, etc. New York :
Name of publisher, distributor, etc. Scholastic,
Date of publication, distribution, etc. 2009.
300 ## - PHYSICAL DESCRIPTION
Extent 116 pages :
Other physical details illustrations , maps ;
Dimensions 26 cm.
505 0# - FORMATTED CONTENTS NOTE
Formatted contents note Those stupid kings and emperors -- Things were beginning to look unpleasant -- All attacks are to be pushed to the extreme -- There is no longer any sense in this business -- It was a sight one will never see again -- The lull is finished -- Epilogue.
520 ## - SUMMARY, ETC.
Summary, etc. Describes the Christmas truce that occurred along Western Front trenches in 1914 and features quotations from young men on both sides, a timeline, and additional source material.
650 #0 - SUBJECT ADDED ENTRY--TOPICAL TERM
Topical term or geographic name entry element Christmas Truce, 1914
Form subdivision Juvenile literature.
650 #0 - SUBJECT ADDED ENTRY--TOPICAL TERM
Topical term or geographic name entry element World War, 1914-1918
General subdivision Campaigns
Geographic subdivision Western Front
Form subdivision Juvenile literature.
650 #0 - SUBJECT ADDED ENTRY--TOPICAL TERM
Topical term or geographic name entry element World War, 1914-1918
General subdivision Armistices
Form subdivision Juvenile literature.
650 #1 - SUBJECT ADDED ENTRY--TOPICAL TERM
Topical term or geographic name entry element Christmas Truce, 1914.
650 #1 - SUBJECT ADDED ENTRY--TOPICAL TERM
Topical term or geographic name entry element World War, 1914-1918
General subdivision Campaigns
Geographic subdivision Western Front.
650 #1 - SUBJECT ADDED ENTRY--TOPICAL TERM
Topical term or geographic name entry element World War, 1914-1918
General subdivision Armistices.
906 ## - LOCAL DATA ELEMENT F, LDF (RLIN)
a 7
b cbc
c orignew
d 1
e ecip
f 20
g y-gencatlg
942 ## - ADDED ENTRY ELEMENTS (KOHA)
Source of classification or shelving scheme Dewey Decimal Classification
Koha item type Books
Suppress in OPAC No
Holdings
Withdrawn status Lost status Source of classification or shelving scheme Damaged status Not for loan Collection Home library Current library Shelving location Date acquired Total Checkouts Full call number Barcode Date last seen Price effective from Koha item type
    Dewey Decimal Classification     Non-Fiction Footprints International School Library Network Toul Kork Campus Footprints International School Library Network Toul Kork Campus   02/19/2024   MUR 940.421 D530.M87 FISSE02216 02/19/2024 02/19/2024 Books